Statistics for Complete the Card - WWE Royal Rumble 2017

Click here to take the quiz!

General Stats

  • This quiz has been taken 430 times
  • The average score is 16 of 21

Answer Stats

Answer% Correct
Randy Orton
98%
Roman Reigns
96%
John Cena
93%
AJ Styles
91%
Charlotte Flair
91%
Kevin Owens
90%
Becky Lynch
87%
Bayley
84%
Sasha Banks
82%
Cesaro
81%
Sheamus
81%
Alexa Bliss
77%
Neville
76%
Naomi
73%
Nikki Bella
69%
Natalya
67%
Nia Jax
67%
Karl Anderson
64%
Luke Gallows
64%
Rich Swann
51%
Mickie James
46%

Score Distribution

Percentile by Number Answered

Percent of People with Each Score

Your Score History

You have not taken this quiz